Muscles de la jambe - Statistiques

Statistiques générales
  • Ce quiz a été pris 386 fois
  • Le résultat moyen est 7 sur 12
Statistiques - réponses
Réponse % Correct
Tibial antérieur
82%
Long fibulaire
73%
Court fibulaire
70%
Tibial postérieur
68%
Triceps sural
59%
Long extenseur de l'hallux
58%
Long extenseur des orteils
56%
Long fléchisseur des orteils
54%
Long fléchisseur de l'hallux
53%
Poplité
44%
Troisième fibulaire
34%
Muscle plantaire
8%
Aucun quiz correspondant
Distribution des résultats
% des personnes avec chaque résultat
Percentile par nombre de réponses
Votre historique - résultats
Vous n’avez pas pris ce quiz